000 00491nam a2200157 i 4500
001 55141
003 ES-MaACL
007 t|
008 030912s1972 sp ||||1| spa d
100 1 _aDelicado, Francisco.
_943512
245 1 3 _aLa lozana andaluza /
_cFrancisco Delicado ; edición, introducción y notas de Bruno M. Damiani.
260 _aMadrid :
_bCastalia,
_c[1972]
300 _a288 p. :
_bil. ;
_c18 cm.
700 1 _aDamiani, Bruno M.
_942570
852 _aES-MaACL
_jE-8051
_bR.92645
999 _c55141
_d55141